01543nab a22002297a 4500999001500000003000400015005001700019008004100036040000700077100002900084245016500113260007300278300001500351500004500366505057700411505008900988650002901077650001901106650002701125773014801152942001301300 c5519d5519OSt20251210160143.0190604e xxu||||| |||| 00| 0 spa d cPJ aDíaz, Ana Inés9650113aProcedimiento de Mediación Prejudicial en Materia de Salud (PROMESA) :bdescripción normativa de un abordaje basado en el diálogo /cAna Inés Díaz. aCiudad Autónoma de Buenos Aires :bThomson Reuters La Ley, c2025. ap. 104-109 aCita Online: TR LALEY AR/DOC/2416/2025.  aSumario: I. Encuadre normativo.— II. Contexto y fundamentación de la creación del PROMESA.— III. Principios y objetivos fundamentales del PROMESA.— IV. Ámbito de aplicación y restricciones.— V. Procedimiento de iniciación y desarrollo de la mediación.— VI. Participación del Estado nacional (Ministerio de Salud).— VII. Derivación judicial al PROMESA.— VIII. Remuneración de los mediadores.— IX. Formación y habilitación de mediadores en materia de salud.— X. Monitoreo y fiscalización del PROMESA.— XI. Consideraciones finales. t¿Te interesa el texto completo? Solicitalo al correo: koha@justierradelfuego.gov.ar 091253aDERECHO A LA SALUD 09269aMEDIACION 093273aMEDICINA PREPAGA0 0271493171dCiudad Autónoma de Buenos Aires : Thomson Reuters La Ley, 2014-tRevista anales de legislación argentina. Nº 10- Octubre 2025. 2udccANA